[Event "Niederoesterreich Landesliga 1819"]
[Site "Austria"]
[Date "2019.04.07"]
[Round "11.3"]
[White "Bauer, Thomas"]
[Black "Piringer, Florian"]
[Result "1-0"]
[WhiteElo "2171"]
[BlackElo "2124"]
[PlyCount "73"]
[EventDate "2018.09.30"]
[EventType "team-tourn"]
[EventRounds "11"]
[EventCountry "AUT"]
[SourceTitle "EXT 2021"]
[Source "ChessBase"]
[SourceDate "2020.10.23"]
[SourceVersion "1"]
[SourceVersionDate "2020.10.23"]
[SourceQuality "1"]
[WhiteTeam "Litschau/Eisgarn"]
[BlackTeam "Stockerau"]
[WhiteTeamCountry "AUT"]
[BlackTeamCountry "AUT"]

1. e4 e5 2. Nf3 Nc6 3. Bc4 Bc5 4. d3 Nf6 5. a4 a6 6. 0-0 h6 7. Nc3 d6 8. Be3 Bxe3 9. fxe3 Be6 10. Nd2 Bxc4 11. Nxc4 Ne7 12. Qf3 Qd7 13. h3 0-0 14. a5 Qe6 15. Rf2 d5 16. exd5 Nexd5 17. e4 Nxc3 18. bxc3 b5 19. Ne3 Kh7 20. Raf1 Ng8 21. Qg3 c6 22. Ng4 f6 23. Nxe5 Ra7 24. Qg6+ Kh8 25. Qh5 Re8 26. Ng6+ Kh7 27. Qc5 Raa8 28. Nf4 Qd7 29. Qh5 Re5 30. Qg6+ Kh8 31. h4 Ne7 32. Qf7 Qg4 33. Re2 f5 34. d4 Nd5 35. Ng6+ Kh7 36. Nxe5 Qxe2 37. Qxf5+ 1-0

[Event "Niederoesterreich Landesliga 1617"]
[Site "Austria"]
[Date "2016.12.11"]
[Round "4.3"]
[White "Vrana, Frantisek"]
[Black "Piringer, Florian"]
[Result "1/2-1/2"]
[WhiteElo "2200"]
[BlackElo "2166"]
[PlyCount "81"]
[EventDate "2016.10.02"]
[EventType "team-tourn"]
[EventRounds "11"]
[EventCountry "AUT"]
[SourceTitle "EXT 2018"]
[Source "ChessBase"]
[SourceDate "2017.10.13"]
[SourceVersion "1"]
[SourceVersionDate "2017.10.13"]
[SourceQuality "1"]
[WhiteTeam "Mistelbach"]
[BlackTeam "Stockerau"]
[WhiteTeamCountry "AUT"]
[BlackTeamCountry "AUT"]

1. d4 Nf6 2. Nf3 g6 3. c4 Bg7 4. Nc3 d5 5. Bf4 0-0 6. e3 c5 7. dxc5 Qa5 8. Rc1 dxc4 9. Bxc4 Qxc5 10. Nb5 Qb4+ 11. Nd2 Na6 12. a3 Qa5 13. b4 Qd8 14. 0-0 Nh5 15. Bg5 Nf6 16. Bxf6 Bxf6 17. Qe2 Bg4 18. f3 Bd7 19. Rfd1 Qb6 20. Ne4 Bxb5 21. Nxf6+ exf6 22. Bxb5 Nc7 23. Bd7 Rfd8 24. Kf2 Ne6 25. Qc4 Nf8 26. Ba4 Rxd1 27. Rxd1 Rd8 28. Bb3 Ne6 29. Rxd8+ Qxd8 30. Ke2 Qc7 31. Qxc7 Nxc7 32. Kd3 Kf8 33. Bc4 Ke7 34. Kd4 b6 35. h4 Kf8 36. Ke4 Kg7 37. g4 h6 38. f4 Kf8 39. g5 hxg5 40. hxg5 Ke7 41. gxf6+ 1/2-1/2

[Event "Niederoesterreich Landesliga 1516"]
[Site "Austria"]
[Date "2016.02.14"]
[Round "8.1"]
[White "Piringer, Florian"]
[Black "Gasa, Andrej"]
[Result "0-1"]
[WhiteElo "2118"]
[BlackElo "2298"]
[PlyCount "42"]
[EventDate "2015.09.27"]
[EventType "team-tourn"]
[EventRounds "11"]
[EventCountry "AUT"]
[SourceTitle "EXT 2017"]
[Source "ChessBase"]
[SourceDate "2016.10.25"]
[SourceVersion "1"]
[SourceVersionDate "2016.10.25"]
[SourceQuality "1"]
[WhiteTeam "Stockerau II"]
[BlackTeam "Mistelbach"]
[WhiteTeamCountry "AUT"]
[BlackTeamCountry "AUT"]

1. e4 c5 2. Nf3 d6 3. Bb5+ Bd7 4. Bxd7+ Qxd7 5. 0-0 Nc6 6. b3 Nf6 7. Re1 g6 8. Bb2 Bg7 9. Nc3 0-0 10. Nd5 e5 11. Nxf6+ Bxf6 12. d3 Bg7 13. Nd2 f5 14. exf5 Qxf5 15. Qe2 d5 16. c3 Rae8 17. a3 Nd8 18. c4 Ne6 19. g3 Ng5 20. h4 Nh3+ 21. Kg2 Nxf2 0-1

[Event "AUT-chT2O 1516"]
[Site "Austria"]
[Date "2015.11.28"]
[Round "3.5"]
[White "Sadilek, Maximilian"]
[Black "Piringer, Florian"]
[Result "1/2-1/2"]
[WhiteElo "2227"]
[BlackElo "2118"]
[PlyCount "55"]
[EventDate "2015.10.17"]
[EventType "team-tourn"]
[EventRounds "11"]
[EventCountry "AUT"]
[SourceTitle "EXT 2017"]
[Source "ChessBase"]
[SourceDate "2016.10.25"]
[SourceVersion "1"]
[SourceVersionDate "2016.10.25"]
[SourceQuality "1"]
[WhiteTeam "Tschaturanga"]
[BlackTeam "Stockerau"]
[WhiteTeamCountry "AUT"]
[BlackTeamCountry "AUT"]

1. d4 Nf6 2. Nf3 g6 3. c4 Bg7 4. Nc3 d5 5. cxd5 Nxd5 6. Bd2 0-0 7. e4 Nxc3 8. Bxc3 Nc6 9. d5 Bxc3+ 10. bxc3 Nb8 11. Qd2 Kg7 12. h4 h5 13. Qd4+ f6 14. Bd3 e5 15. Qe3 Qd6 16. 0-0 Nd7 17. Nd2 Qc5 18. Qe2 a6 19. Nb3 Qa7 20. Kh2 Nc5 21. f4 Bg4 22. Qd2 Nxb3 23. axb3 exf4 24. Rxf4 Qc5 25. Raf1 Qd6 26. Kh1 Qe5 27. c4 a5 28. Qc2 1/2-1/2